Japan Airlines fleet by picture - Statistics

General Stats
  • This quiz has been taken 77 times
  • The average score is 5 of 6
Answer Stats
Picture Answer % Correct
A350-900
98%
B737-800
88%
B777-300
83%
B767-300
81%
B777-200
81%
B787-9
80%
No matching quizzes found
Score Distribution
Percent of People with Each Score
Percentile by Number Answered
Your Score History
You have not taken this quiz